| 000 | 00358nam a22001457a 4500 | ||
|---|---|---|---|
| 003 | macl | ||
| 005 | 20200707161033.0 | ||
| 008 | 200707b xxu||||| |||| 00| 0 eng d | ||
| 040 | _cmacl | ||
| 100 |
_aKumar, Sudeep _978886 |
||
| 245 | _aMonasteies of India | ||
| 260 |
_aDelhi _bRitika Books Services _c2018 |
||
| 650 |
_aBuddhism _968894 |
||
| 942 |
_2ddc _cBK |
||
| 999 |
_c62583 _d62583 |
||